00830nam a22002417a 45000010005000000030006000050050017000110080041000280200017000690400029000860820015001151000019001302450086001492600056002353000048002914900037003395050008003765200085003845210029004695210020004986500031005187000039005496988FISKH20250616110308.0250616b cb ||||| |||| 00| 0 eng d a076645060365 aFISKHbengcFISKHdFISKH aPZ8.V73 I  aHoffman, James aI don't like peas / cWritten by Marie Vinje : Illustrated by Robin Michal Koontz aMichigan :bSchool Zone Publishing Company, c1994. a16 pages :bcolor illustrations ;c23 cm .  aA start to read ! book vLevel 2 aD  aA little girl hates to eat peas until she uses them to play games with her cat. 8 a160 bLexile estimate 8 aD bRaz-Plus  aPeasvJuvenile Literature  aKoontz, Robin MichaleIllustrator